|
|
|
|
| LEADER |
00000nam a22000007a 4500 |
| 005 |
20220819221029.0 |
| 007 |
cr|||| |||| |
| 008 |
220819s2020 pe |||||s|||| 00||0 spa d |
| 020 |
|
|
|a 9786123251253
|
| 035 |
|
|
|a 36898
|
| 040 |
|
|
|a vLex
|
| 090 |
|
|
|c 13758
|d 13758
|
| 100 |
1 |
|
|a Landa Arroyo, César
|
| 245 |
1 |
0 |
|a Constitucin̤ y emergencia sanitaria
|h [Recurso electrn̤ico] /
|c César Landa Arroyo
|
| 256 |
|
|
|a Servicio en ln̕ea
|
| 260 |
|
|
|a Lima:
|b Palestra Editores,
|c 2020
|
| 300 |
|
|
|a 1 recurso electrn̤ico
|
| 500 |
|
|
|a El ℓrea de Derecho Constitucional de la Pontificia Universidad Catl̤ica del Per,︢ en este pero̕do de emergencia sanitaria, realiza perid̤icamente “Desayunos Constitucionales”, en los cuales reflexiona sobre el rol del Estado constitucional bajo el estado de emergencia, a travš de la presentacin̤ de ponencias de sus profesores e invitados internacionales, analizando la situacin̤ de los derechos fundamentales en la lucha contra el coronavirus, desde una perspectiva global, regional y nacional. Este libro contiene las primeras diez ponencias.
|
| 506 |
1 |
|
|a Disponible solo en los productos indicados
|d vLex Global
|d vLex Global (Academic Edition, excluding Law Schools)
|d vLex Global (U.S. Academic Edition, Law Schools)
|d vLex Global (U.S. Academic Edition, excluding Law Schools)
|d vLex Global (Academic Edition, Law Schools)
|
| 650 |
0 |
4 |
|a Derecho Constitucional
|z Per︢
|
| 740 |
0 |
|
|a vLex Libros (Servicio en ln̕ea)
|
| 856 |
4 |
0 |
|u https://app.vlex.com/#/sources/36898
|z Acceso restringido
|
| 942 |
|
|
|c BOOK
|
| 999 |
0 |
|
|a Constitutional right
|